[Event "?"]
[Site "Helsingor"]
[Date "2013.03.26"]
[Round "6"]
[White "F. Jensen, Morten"]
[Black "Andersen, Rune"]
[Result "1/2-1/2"]
[WhiteElo "2005"]
[BlackElo "2133"]
[PlyCount "103"]
[EventDate "2013.??.??"]

1. b3 e5 2. Bb2 Nc6 3. e3 g6 4. f4 Bg7 5. Nf3 d6 6. Bb5 Bd7 7. O-O Nge7 8. fxe5
Nxe5 9. Bxd7+ Qxd7 10. Nxe5 dxe5 11. Qf3 Nc6 12. Nc3 f5 13. d3 O-O-O 14. e4 Nd4
15. Qf2 fxe4 16. Nxe4 Rhf8 17. Qd2 Rf4 18. Rae1 Bh6 19. Qa5 Nc6 20. Qb5 a6 21.
Qc5 b6 22. Qc4 Kb7 23. Rxf4 exf4 24. Nf6 Qf5 25. Re6 Na5 26. Qe4+ Qxe4 27. Rxe4
g5 28. Re7 Bf8 29. Rxh7 Bc5+ 30. Kf1 Nc6 31. Ne4 Bd4 32. Bxd4 Nxd4 33. c3 Nf5
34. Ke2 g4 35. Rf7 Rd5 36. Nf2 Re5+ 37. Kd2 f3 38. gxf3 gxf3 39. Ne4 Kc6 40. a4
Nd6 41. Rf6 Rh5 42. Nxd6 Rxh2+ 43. Ke3 cxd6 44. Rxf3 Rb2 45. b4 Ra2 46. b5+
axb5 47. axb5+ Kxb5 48. Rf4 Ra3 49. Rc4 d5 50. Rc7 Ra4 51. Rc8 Rh4 52. Rd8
1/2-1/2

[Event "Helsingor"]
[Site "Helsingor"]
[Date "2013.03.26"]
[Round "6"]
[White "Guindy, Esmat"]
[Black "Moller Nielsen, Erling"]
[Result "1-0"]
[WhiteElo "2106"]
[BlackElo "2021"]
[PlyCount "49"]
[EventDate "2013.??.??"]

1. d4 d5 2. c4 e6 3. Nc3 c5 4. Nf3 Nf6 5. e3 Nc6 6. cxd5 exd5 7. Be2 Be7 8. O-O
O-O 9. b3 Bf5 10. Bb2 Qd7 11. Rc1 cxd4 12. Nxd4 Bg6 13. Nxc6 bxc6 14. Na4 Rfd8
15. Qd4 Ne8 16. Rfd1 Bf6 17. Qc5 Bxb2 18. Nxb2 Rac8 19. Nc4 Nf6 20. Ne5 Qe8 21.
Nxc6 Ne4 22. Ne7+ Kh8 23. Qxc8 Qxe7 24. Rxd5 Rg8 25. Qxg8+ 1-0

[Event "?"]
[Site "Helsingor"]
[Date "2013.03.26"]
[Round "6"]
[White "Murtuzov, Rauf"]
[Black "Nielsen, Klaus"]
[Result "0-1"]
[WhiteElo "1923"]
[BlackElo "2090"]
[PlyCount "138"]
[EventDate "2013.??.??"]

1. e4 c5 2. Nf3 Nc6 3. d4 cxd4 4. Nxd4 g6 5. Be3 Bg7 6. c4 Nf6 7. Nc3 O-O 8.
Be2 d6 9. O-O Bd7 10. f3 Rc8 11. b3 Nh5 12. Nxc6 bxc6 13. Bd4 Qa5 14. Rc1 Bxd4+
15. Qxd4 Nf4 16. Rc2 Qg5 17. Bd1 a5 18. Kh1 Rcd8 19. Qe3 Qf6 20. Ne2 g5 21.
Nxf4 gxf4 22. Qc3 Qg5 23. g3 e5 24. Rg1 Kh8 25. gxf4 Qxf4 26. Qd2 Qf6 27. Qg5
Qxg5 28. Rxg5 f6 29. Rg1 Be6 30. Be2 Rg8 31. Rxg8+ Kxg8 32. Rd2 c5 33. Kg2 Kf7
34. Bf1 Rg8+ 35. Kf2 Ke7 36. Bg2 Ra8 37. Bf1 Rb8 38. Bd3 Bd7 39. Rb2 Be6 40.
Rb1 Rg8 41. Bf1 Kd7 42. Rb2 Kc6 43. Rb1 Rg5 44. a3 Rg7 45. b4 cxb4 46. axb4 Rb7
47. b5+ Kc5 48. Rc1 a4 49. Ke3 a3 50. Kd3 Kb4 51. Rb1+ Ka4 52. Kc3 a2 53. Ra1
Ka3 54. Bd3 Rc7 55. Be2 f5 56. exf5 Bxf5 57. b6 Rb7 58. c5 dxc5 59. Bc4 Bb1 60.
h4 Rxb6 61. Bxa2 Bxa2 62. Re1 Rb3+ 63. Kc2 Rxf3 64. Rxe5 Kb4 65. Re4+ c4 66.
Kb2 Rf2+ 67. Kc1 Rf1+ 68. Kb2 Bb1 69. Re3 Bd3 0-1

[Event "Helsingor"]
[Site "Helsingor"]
[Date "2013.03.26"]
[Round "6"]
[White "Juul Nielsen, Carsten"]
[Black "Brorsen, Jacob"]
[Result "0-1"]
[WhiteElo "2085"]
[BlackElo "2138"]
[PlyCount "104"]
[EventDate "2013.??.??"]

1. d4 Nf6 2. c4 e6 3. Nc3 d5 4. Bf4 Be7 5. e3 O-O 6. Bd3 c6 7. Nf3 Nbd7 8. Rc1
Qa5 9. Nd2 Re8 10. O-O Nf8 11. a3 Ng6 12. Bg3 Bf8 13. f4 dxc4 14. Nxc4 Qd8 15.
Ne5 a6 16. Ne4 Nxe4 17. Bxe4 f5 18. Bf3 a5 19. Bh5 Nxe5 20. fxe5 g6 21. Bf3 Qb6
22. Qc2 Bd7 23. Bf2 Rec8 24. e4 Qd8 25. exf5 gxf5 26. Qb3 a4 27. Qe3 Be8 28.
Qf4 Bg6 29. Be2 Qe7 30. Bc4 Re8 31. Rc3 Qg7 32. Bh4 b5 33. Ba2 Rac8 34. Rfc1
Qd7 35. Bf2 Rc7 36. Be3 Rec8 37. Qf3 Qe8 38. d5 exd5 39. Bxd5+ Kh8 40. Bxc6
Qxe5 41. Bb6 Bd6 42. g3 Re7 43. Rd1 Qf6 44. Bd4 Be5 45. Bxe5 Rxe5 46. Bd5 Rd8
47. Ba2 Qb6+ 48. Kg2 Rde8 49. Rc2 f4 50. Rc6 Qxc6 51. Qxc6 Be4+ 52. Qxe4 Rxe4
0-1

[Event "?"]
[Site "Helsingor"]
[Date "2013.03.26"]
[Round "6"]
[White "Klifoth, Kurt"]
[Black "Vesterli, Michael"]
[Result "1-0"]
[WhiteElo "2129"]
[BlackElo "2018"]
[PlyCount "47"]
[EventDate "2013.??.??"]

1. c4 Nf6 2. Nc3 g6 3. e4 d6 4. g3 Bg7 5. Bg2 O-O 6. Nge2 c5 7. O-O Nc6 8. h3
a6 9. f4 Rb8 10. d3 Bd7 11. Rb1 b5 12. Be3 Qa5 13. Qd2 e6 14. b3 b4 15. Nd1 Qc7
16. Nf2 a5 17. d4 cxd4 18. Nxd4 Nxd4 19. Bxd4 Nh5 20. Bxg7 Nxg7 21. Rbd1 Rb6
22. e5 Qc5 23. Kh2 Nf5 24. Ne4 1-0

[Event "?"]
[Site "Helsingor"]
[Date "2013.03.26"]
[Round "6"]
[White "Rossen, Claus"]
[Black "Tange Jepsen, Thomas"]
[Result "0-1"]
[WhiteElo "2149"]
[BlackElo "2075"]
[PlyCount "106"]
[EventDate "2013.??.??"]

1. e4 c6 2. d4 d5 3. f3 g6 4. Nc3 Bg7 5. Be3 dxe4 6. fxe4 Nf6 7. Nf3 O-O 8. Bc4
b5 9. Bd3 Ng4 10. Bg1 e5 11. d5 b4 12. Na4 cxd5 13. Bc5 Re8 14. Bb5 Bd7 15.
Bxd7 Nxd7 16. Qxd5 Nxc5 17. Qxc5 Rc8 18. Qd5 Ne3 19. Qxd8 Rexd8 20. Ke2 Nxg2
21. c3 Nf4+ 22. Kf1 a5 23. Rg1 Rd3 24. Rg3 f6 25. Ne1 Rd6 26. Ng2 Rc4 27. b3
Rc7 28. c4 Rd4 29. Re1 Rd2 30. Nxf4 exf4 31. Rg2 Rcd7 32. Rf2 g5 33. Nb6 R7d3
34. c5 Bf8 35. Rxd2 Rxd2 36. Nc4 Rd8 37. c6 Kf7 38. Rc1 Rc8 39. Nb6 Rc7 40. Nd5
Rc8 41. c7 Bd6 42. Rc6 Be5 43. Ra6 g4 44. Rxa5 h5 45. a3 bxa3 46. b4 Bxc7 47.
Rxa3 Be5 48. Ra7+ Kf8 49. Ra2 h4 50. h3 Rc1+ 51. Kf2 Bd4+ 52. Ke2 f3+ 53. Kd2
f2 0-1

[Event "?"]
[Site "Helsingor"]
[Date "2013.03.26"]
[Round "6"]
[White "Holler Johansen, Johnny"]
[Black "Hother Andersen, Ib"]
[Result "1/2-1/2"]
[WhiteElo "2017"]
[BlackElo "2153"]
[PlyCount "64"]
[EventDate "2013.??.??"]

1. e4 e5 2. Nf3 Nc6 3. Bc4 Nf6 4. d3 Be7 5. O-O d6 6. h3 O-O 7. Be3 Na5 8. Nbd2
Nxc4 9. Nxc4 b5 10. Ncd2 Bb7 11. Re1 Nd7 12. d4 c5 13. c3 Qc7 14. Qe2 a6 15. a4
c4 16. Rec1 Rfe8 17. Rab1 d5 18. dxe5 dxe4 19. Nd4 Qxe5 20. axb5 axb5 21. b3
Nc5 22. bxc4 bxc4 23. Nxc4 Qc7 24. Nb5 Qb8 25. Rd1 Ra6 26. Bd4 Bf8 27. Qh5 Rh6
28. Qf5 Bc8 29. Qd5 Bb7 30. Qf5 Bc8 31. Qd5 Bb7 32. Qf5 Bc8 1/2-1/2

[Event "?"]
[Site "Helsingor"]
[Date "2013.03.26"]
[Round "6"]
[White "Grubert, Christian"]
[Black "Jensen, Leif"]
[Result "1/2-1/2"]
[WhiteElo "2143"]
[BlackElo "2013"]
[PlyCount "60"]
[EventDate "2013.??.??"]

1. e4 e6 2. d3 d5 3. Qe2 dxe4 4. dxe4 Bd7 5. Nf3 Bc5 6. g3 Ne7 7. Bg2 O-O 8.
O-O Bc6 9. Rd1 Qc8 10. Qc4 Bb6 11. Nc3 Nd7 12. b4 a6 13. a4 Ng6 14. Ba3 Nde5
15. Nxe5 Nxe5 16. Qe2 Rd8 17. Kh1 Rxd1+ 18. Rxd1 Qe8 19. f4 Ng6 20. a5 Ba7 21.
Qd3 h6 22. Ne2 Rc8 23. c4 Ba4 24. Rd2 c5 25. Nc3 cxb4 26. Bxb4 Bc6 27. c5 Rc7
28. Qd8 Rc8 29. Qd4 Rc7 30. Qd8 Rc8 1/2-1/2

[Event "Helsingor"]
[Site "Helsingor"]
[Date "2013.03.26"]
[Round "6"]
[White "K. Sorensen, Torben"]
[Black "E. Andersen, Rune"]
[Result "1-0"]
[WhiteElo "2187"]
[BlackElo "2056"]
[PlyCount "85"]
[EventDate "2013.??.??"]

1. e4 e6 2. d4 d5 3. Nd2 Be7 4. Bd3 c5 5. dxc5 Nf6 6. Qe2 O-O 7. Ngf3 a5 8. O-O
Na6 9. e5 Nd7 10. c3 Naxc5 11. Bc2 b6 12. Re1 Ba6 13. Qe3 f5 14. exf6 Bxf6 15.
Nf1 Qc7 16. Ng5 Bxg5 17. Qxg5 Rae8 18. Re3 Bxf1 19. Kxf1 Nf6 20. Qh4 Nfe4 21.
Rf3 Qe5 22. Be3 Rxf3 23. gxf3 Qf6 24. Qh3 Ng5 25. Bxg5 Qxg5 26. Qxh7+ Kf8 27.
Bg6 Rd8 28. Qh8+ Ke7 29. Qxg7+ Kd6 30. Rd1 Nd7 31. h4 Qxh4 32. Bd3 Ne5 33. Ke2
Nxd3 34. Rxd3 Qa4 35. Qb7 Qb5 36. b3 Rd7 37. Qb8+ Ke7 38. Qe5 Qc6 39. f4 Kd8
40. Rg3 Rf7 41. Rg8+ Kd7 42. f5 exf5 43. Qe8+ 1-0

[Event "?"]
[Site "Helsingor"]
[Date "2013.03.26"]
[Round "6"]
[White "Nielsen, Michael"]
[Black "Christensen, Janus"]
[Result "1-0"]
[WhiteElo "2101"]
[BlackElo "2167"]
[PlyCount "81"]
[EventDate "2013.??.??"]

1. d4 d5 2. Bg5 Bf5 3. e3 c6 4. Bd3 Qd7 5. Nf3 f6 6. Bf4 e6 7. Qe2 Bb4+ 8. Nbd2
Ne7 9. O-O-O Bxd3 10. Qxd3 O-O 11. e4 Ng6 12. Bg3 dxe4 13. Nxe4 f5 14. Neg5 h6
15. Qb3 hxg5 16. Bxb8 Qe7 17. Be5 g4 18. Ne1 Nxe5 19. dxe5 Bxe1 20. Rhxe1 Rfd8
21. Rd6 Kf7 22. Red1 Rxd6 23. exd6 Qd7 24. h3 gxh3 25. Qxh3 Rg8 26. Qh7 Qd8 27.
d7 Qg5+ 28. Kb1 Rd8 29. Qh2 f4 30. Qh3 c5 31. Qf3 b6 32. g3 Ke7 33. Qc6 Qe5 34.
g4 f3 35. a3 c4 36. Ka2 Qe2 37. Qd6+ Kf7 38. Qf4+ Kg6 39. Rd2 Qe1 40. Rd6 c3
41. Qf5+ 1-0

[Event "Live2"]
[Site "Helsingor"]
[Date "2013.03.27"]
[Round "2"]
[White "Moller Nielsen, Erling"]
[Black "Jensen, Carsten Juul"]
[Result "1-0"]
[WhiteElo "2021"]
[BlackElo "2085"]

1.d4 Nf6 2.c4 e6 3.Bg5 c5 4.d5 d6 5.Nc3 Be7 6.h4 h6 7.Bd2 exd5 8.cxd5 Bf5 
9.e4 Bh7 10.Qa4+ Nbd7 11.Rh3 a6 12.f3 b5 13.Qd1 Nh5 14.Nge2 Ne5 15.Be3 c4 
16.Nd4 Bxh4+ 17.Kd2 Ng3 18.Nc6 Nxf1+ 19.Qxf1 Nxc6 20.dxc6 Bf6 21.Nd5 Qa5+ 
22.Kc2 Be5 23.Bb6 Qa4+ 24.Kc1 O-O 25.Qe2 f5 26.f4 Bf6 27.Ra3 c3 28.Nxf6+ 
Rxf6 29.Rxa4 1-0

[Event "Live2"]
[Site "Helsingor"]
[Date "2013.03.27"]
[Round "2"]
[White "Vesterli, Michael"]
[Black "Rossen, Claus"]
[Result "1/2-1/2"]
[WhiteElo "2018"]
[BlackElo "2149"]

1.d4 Nf6 2.c4 g6 3.Nf3 Bg7 4.Nc3 d5 5.cxd5 Nxd5 6.e4 Nxc3 7.bxc3 c5 8.Rb1 
O-O 9.Be2 cxd4 10.cxd4 Qa5+ 11.Bd2 Qxa2 12.O-O Bg4 13.Bg5 h6 14.Be3 Nd7 
15.h3 Bxf3 16.Bxf3 Nb6 17.e5 Rfd8 18.Ra1 Qe6 19.Bxb7 Rab8 20.Qf3 Nc4 21.
Rxa7 Qb6 22.Ra8 e6 23.Rxb8 Rxb8 24.Be4 Qa5 25.Qf4 Qa3 26.Bc1 Qc3 27.Bf3 
Rd8 28.Be3 Nxe3 29.fxe3 Rd7 30.Rb1 h5 31.g4 hxg4 32.hxg4 Ra7 33.Rb8+ Bf8 
34.Kg2 Qe1 35.Kh3 Qf1+ 36.Kg3 Qe1+ 37.Kh3 f5 38.Rb7 Rxb7 39.Bxb7 Kh7 40.
gxf5 gxf5 41.Qf3 Bh6 42.e4 Qe3 43.exf5 Qxf3+ 44.Bxf3 exf5 45.Bh5 Kg7 46.
Kg3 Bc1 47.d5 Bg5 48.d6 Bd2 49.e6 Bb4 50.d7 Be7 51.Kf4 Kf6 52.Bf7 Bd8 53.
Kf3 Ke5 54.Bg8 1/2-1/2

[Event "Live2"]
[Site "Helsingor"]
[Date "2013.03.27"]
[Round "2"]
[White "Andersen, Rune Egede"]
[Black "Murtuzov, Rauf"]
[Result "0-1"]
[WhiteElo "2056"]
[BlackElo "1923"]

1.e4 c6 2.c4 d5 3.cxd5 cxd5 4.exd5 Nf6 5.Nc3 g6 6.Nf3 Bg7 7.Bb5+ Nbd7 8.
O-O O-O 9.Re1 Nb6 10.d4 Nbxd5 11.Bg5 Bf5 12.Qb3 Rc8 13.Rad1 Nxc3 14.bxc3 
Ne4 15.Bh4 Rxc3 16.Qb4 Rc7 17.Rc1 Rxc1 18.Rxc1 Nf6 19.Bc4 b6 20.Re1 Qd6 
21.Qb3 e6 22.Bg3 Qd8 23.Qa3 Ne4 24.Be5 Bxe5 25.dxe5 Qc7 26.Bf1 Qc5 27.Qxc5
Nxc5 28.Rd1 Be4 29.Ne1 Bd5 30.a3 Rc8 31.Rc1 Bb7 32.f4 Rd8 33.Nc2 Rd2 34.
Ne3 Ra2 35.Rd1 Rxa3 36.Rd8+ Kg7 37.Ng4 Ne4 38.h4 h5 39.Nh2 a5 40.Rb8 Nc5 
41.Kf2 a4 42.g4 Ne4+ 43.Kg2 Rg3+ 44.Kh1 Nf2# 0-1

[Event "Live2"]
[Site "Helsingor"]
[Date "2013.03.27"]
[Round "2"]
[White "Christensen, Janus"]
[Black "Jensen, Morten F"]
[Result "1-0"]
[WhiteElo "2167"]
[BlackElo "2005"]

1.e4 b6 2.d4 Bb7 3.Nc3 e6 4.a3 Nf6 5.f3 d5 6.e5 Nfd7 7.f4 c5 8.Nf3 Nc6 9.
Be3 cxd4 10.Nxd4 Be7 11.Qg4 g6 12.O-O-O Nxd4 13.Bxd4 a6 14.h4 h5 15.Qg3 
Rc8 16.Qf2 b5 17.b4 Rc6 18.Rh3 Nb6 19.Nxb5 axb5 20.Bxb5 Nc4 21.Bc5 Qc7 22.
Rhd3 Kd8 23.Bxc4 Bxc5 24.bxc5 Rxc5 25.Bb3 Ke7 26.Qd4 Ba6 27.Rg3 Rb8 28.Rd2
Qa5 29.Kb2 Bc4 30.Qc3 Qc7 31.Qe3 Qa5 32.f5 exf5 33.e6 Qc7 34.Rf2 Rcb5 35.
Qg5+ Ke8 36.Re3 Qd8 37.Rxf5 Qxg5 38.exf7+ Kf8 39.Re8+ Rxe8 40.fxe8=Q+ Kxe8
41.Rxg5 Kf7 42.Kc3 Bxb3 43.cxb3 Kf6 44.b4 d4+ 45.Kxd4 Rxg5 46.hxg5+ Kxg5 
47.Ke5 h4 48.b5 Kg4 49.b6 Kg3 50.b7 Kxg2 51.b8=Q h3 52.Qb2+ Kg3 53.Qc3+ 
Kg2 54.Qd2+ Kg1 55.Kf4 h2 56.Kg3 1-0

[Event "Live2"]
[Site "Helsingor"]
[Date "2013.03.27"]
[Round "2"]
[White "Jensen, Leif"]
[Black "Johansen, Johnny Holler"]
[Result "1/2-1/2"]
[WhiteElo "2013"]
[BlackElo "2017"]

1.e4 e6 2.d4 d5 3.Nd2 c5 4.exd5 exd5 5.dxc5 Bxc5 6.Ngf3 Nf6 7.Bd3 O-O 8.
O-O Nc6 9.c3 Bg4 10.Qc2 Rc8 11.Bf5 Bxf5 12.Qxf5 Bb6 13.Nb3 Ne4 14.Be3 Bxe3
15.fxe3 Ne7 16.Qh3 Rc6 17.Nfd4 Rh6 18.Qf3 Qb8 19.Qf4 Rf6 20.Qxb8 Rxb8 21.
Rxf6 1/2-1/2

[Event "Live2"]
[Site "Helsingor"]
[Date "2013.03.27"]
[Round "2"]
[White "Andersen, Rune"]
[Black "Grubert, Christian"]
[Result "1/2-1/2"]
[WhiteElo "2133"]
[BlackElo "2143"]

1.d4 f5 2.g3 Nf6 3.Bg2 e6 4.c4 Be7 5.Nd2 O-O 6.e4 fxe4 7.Nxe4 d5 8.Nxf6+ 
Bxf6 9.Nf3 Nc6 10.O-O dxc4 11.Be3 e5 12.Qe2 exd4 13.Qxc4+ Kh8 14.Rad1 Bg4 
15.Rxd4 Nxd4 16.Nxd4 Qc8 17.Rc1 c6 18.b4 Qd7 19.Nb3 Qe6 20.Qf1 Bb2 21.Rb1 
Be5 22.Bc5 Rf7 23.Re1 Qf6 24.Qc4 Be6 25.Qe4 Bxb3 26.axb3 Bd6 27.Bd4 Qf5 
28.Qh4 h5 29.h3 Kg8 30.Be4 Be7 31.Bxf5 Bxh4 32.Be6 Bf6 33.Bxf6 gxf6 34.Rd1
Re8 35.Bxf7+ Kxf7 36.Kg2 Re7 37.Kf3 Kg6 38.h4 Re5 39.Rd4 Rb5 40.Ke4 a5 41.
bxa5 Rxb3 42.Ra4 Rb2 43.f3 Rb5 44.a6 1/2-1/2

[Event "Live2"]
[Site "Helsingor"]
[Date "2013.03.27"]
[Round "2"]
[White "Andersen, Ib Hother"]
[Black "Nielsen, Michael"]
[Result "1-0"]
[WhiteElo "2153"]
[BlackElo "2101"]

1.e4 e6 2.d4 d5 3.Nc3 Bb4 4.e5 c5 5.a3 Bxc3+ 6.bxc3 Ne7 7.Qg4 Qa5 8.Bd2 
Kf8 9.dxc5 Nd7 10.Nf3 Nxc5 11.Bd3 Nxd3+ 12.cxd3 Qc7 13.O-O Bd7 14.a4 Nc6 
15.Rfe1 Rc8 16.Qf4 h6 17.h4 Be8 18.c4 Rd8 19.Be3 Nb4 20.Nd4 Kg8 21.Red1 
Bc6 22.Nb5 Bxb5 23.cxb5 d4 24.Bxd4 Nc2 25.Rac1 Nxd4 26.Qxd4 Rxd4 27.Rxc7 
Rxa4 28.Rxb7 g5 29.Rc1 Rh7 30.Rc8+ Kg7 31.h5 Rb4 32.Ra8 Rh8 33.Raxa7 Rc8 
34.Rxf7+ Kg8 35.Rg7+ Kh8 36.Rh7+ Kg8 37.Rxh6 Rh4 38.g3 1-0

[Event "Live2"]
[Site "Helsingor"]
[Date "2013.03.27"]
[Round "2"]
[White "Jepsen, Thomas Tange"]
[Black "Klifoth, Kurt"]
[Result "0-1"]
[WhiteElo "2075"]
[BlackElo "2129"]

1.d4 Nf6 2.c4 g6 3.Nc3 d5 4.Nf3 Bg7 5.Bf4 O-O 6.e3 c5 7.dxc5 Ne4 8.Rc1 Nd7
9.cxd5 Qa5 10.Bd3 Nxc3 11.bxc3 Bxc3+ 12.Kf1 Nxc5 13.Bc4 b5 14.Bb3 b4 15.
Ne5 Bb7 16.f3 Nxb3 17.axb3 Bxd5 18.e4 Be6 19.Nc4 Qb5 20.Qe2 Rac8 21.Be3 
Rxc4 0-1

[Event "Live2"]
[Site "Helsingor"]
[Date "2013.03.27"]
[Round "2"]
[White "Brorsen, Jacob"]
[Black "Guindy, Esmat"]
[Result "1-0"]
[WhiteElo "2138"]
[BlackElo "2106"]

1.c4 c5 2.Nf3 Nc6 3.g3 Nf6 4.Bg2 e6 5.O-O d5 6.cxd5 Nxd5 7.Nc3 Be7 8.d3 b6
9.Qa4 Bd7 10.Qb3 Na5 11.Qc2 O-O 12.Ne5 Be8 13.Bd2 Nc6 14.Nf3 Rc8 15.Rfc1 
Nd4 16.Qd1 Nxf3+ 17.Bxf3 Bc6 18.Nxd5 Bxd5 19.Bxd5 exd5 20.Qa4 Rc7 21.b4 
Qd7 22.Qxd7 Rxd7 23.Rab1 Re8 24.Kf1 Kf8 25.Rc2 Rc8 26.Be3 Rdc7 27.bxc5 
bxc5 28.Rb5 c4 29.dxc4 dxc4 30.Bd4 a6 31.Rb6 Rc6 32.Rb1 Bf6 33.Bxf6 Rxf6 
34.Rb7 Ke8 35.Ke1 Rd6 36.Rb4 Rdc6 37.Kd2 R8c7 38.Kc3 Ke7 39.Rd2 Rh6 40.h4 
Rhc6 41.Rd4 Re6 42.e3 Rf6 43.Rb2 Rfc6 44.g4 a5 45.Rb5 a4 46.Re5+ Kf6 47.
Rb5 g6 48.Rb4 h5 49.g5+ Ke5 50.f3 a3 51.Rdxc4 f6 52.Rb5+ Ke6 53.Rxc6+ 
Rxc6+ 54.Kb3 fxg5 55.Rxg5 Kf6 56.Rb5 Rd6 57.Kc3 Rc6+ 58.Kd3 Rd6+ 59.Ke2 
Rc6 60.Kd3 Rd6+ 61.Ke4 Rd2 62.Rb6+ Kf7 63.Ke5 Rxa2 64.Rb7+ Ke8 65.Ra7 Rh2 
66.Ke6 Kd8 67.Rxa3 Rxh4 68.Kf6 Rh3 69.e4 Rg3 70.e5 Rg1 71.e6 Re1 72.Ra8+ 
Kc7 73.e7 Kd7 74.Rd8+ 1-0

[Event "Live2"]
[Site "Helsingor"]
[Date "2013.03.27"]
[Round "2"]
[White "Nielsen, Klaus"]
[Black "Sorensen, Torben Kyhl"]
[Result "1/2-1/2"]
[WhiteElo "2090"]
[BlackElo "2187"]

1.d4 Nf6 2.Nf3 g6 3.Bg5 Bg7 4.Nbd2 d6 5.e3 O-O 6.Bc4 d5 7.Bd3 c5 8.c3 c4 
9.Bc2 b5 10.O-O Nbd7 11.e4 dxe4 12.Nxe4 Bb7 13.Qe2 h6 14.Bd2 Re8 15.Rfe1 
Nd5 16.a4 f5 17.axb5 fxe4 18.Bxe4 Qc7 19.Bxg6 Rf8 20.Qe6+ Kh8 21.Qh3 Nf4 
22.Bxf4 Qxf4 23.Rxe7 Bxf3 24.Qxf3 Qg5 25.Qe4 Nf6 26.Qc2 Nd5 27.Rexa7 Rxa7 
28.Rxa7 Nf4 29.Be4 Nh3+ 30.Kf1 Rxf2+ 31.Qxf2 Nxf2 32.Ra8+ Bf8 33.Rxf8+ Kg7
34.Rxf2 Qc1+ 35.Ke2 Qxb2+ 36.Ke3 Qxc3+ 37.Kf4 Qxd4 38.Rc2 Qf6+ 39.Bf5 Qd6+
40.Ke4 Kf6 41.g4 Qe5+ 42.Kf3 Qxb5 43.Re2 Qd5+ 44.Be4 Qd6 45.h4 c3 46.g5+ 
hxg5 47.hxg5+ Kxg5 48.Rg2+ Kh4 49.Ke3 Qd1 50.Rc2 Qe1+ 51.Kd3 Kg5 52.Rxc3 
Kf4 53.Bc6 Qd1+ 54.Kc4 Ke5 55.Re3+ Kd6 56.Rd3+ Qxd3+ 57.Kxd3 Kxc6 1/2-1/2

[Event "G7:1"]
[Site "K41"]
[Round "3"]
[White "Torben Kyhl Sørensen"]
[Black "Ib Hother Andersen"]
[Result "1-0"]
[Date "28.03.2013"]
[WhiteElo "2187"]
[BlackElo "2153"]
[Input "DGT932"]
[Board "game_1"]

1.e4 e5 2.Nf3 Nc6 3.Bc4 Nf6 4.d3 Be7 5.O-O d6 6.c3 O-O 7.Bb3 d5 8.Bc2 dxe4
9.dxe4 Qxd1 10.Rxd1 Bg4 11.Be3 Rad8 12.Nbd2 h6 13.h3 Be6 14.Ba4 Nd7 15.b4 
a6 16.Bxc6 bxc6 17.Nb3 Bd6 18.Na5 Nb8 19.Ba7 f6 20.Bxb8 Rxb8 21.Nxc6 Rb6 
22.Na5 Be7 23.Nd2 Rd6 24.Ndb3 Rc8 25.a3 Rxd1+ 26.Rxd1 c5 27.Rc1 c4 28.Nd2 
Bd8 29.Nb7 Bb6 30.Nd6 Rc6 31.Nf5 Kf7 32.Kf1 Rc7 33.Ke2 Rd7 34.Ne3 Rc7 35.
Nd1 g6 36.Nb2 Ke7 37.Rd1 Ba7 38.Nf1 f5 39.exf5 gxf5 40.Ne3 Bxe3 41.Kxe3 a5
42.f4 axb4 43.axb4 e4 44.Rd4 Ra7 45.g4 Ra3 46.gxf5 Rxc3+ 47.Kd2 Rxh3 48.
Rxe4 c3+ 49.Kc2 cxb2 50.Kxb2 h5 51.fxe6 h4 52.f5 Rf3 53.Rxh4 Rxf5 54.Kb3 
Kxe6 55.Rd4 Rf1 56.Ka4 Ra1+ 57.Kb5 Rc1 58.Kb6 Ke5 59.Rd2 Rh1 60.b5 Rh6+ 
61.Ka7 Rh7+ 62.Ka6 Rh6+ 63.b6 Rh1 64.Ra2 Rb1 65.b7 1-0

[Event "G7:1"]
[Site "K41"]
[Round "3"]
[White "Johnny Holler Johansen"]
[Black "Janus Christensen"]
[Result "1/2-1/2"]
[Date "28.03.2013"]
[WhiteElo "2017"]
[BlackElo "2167"]
[Input "DGT4472"]
[Board "game_2"]

1.e4 c5 2.Nf3 d6 3.d4 cxd4 4.Nxd4 Nf6 5.Nc3 a6 6.Bg5 e6 7.f4 Be7 8.Qf3 Qc7
9.O-O-O b5 10.Bxf6 gxf6 11.e5 fxe5 12.Ndxb5 axb5 13.Bxb5+ Nd7 14.Qxa8 O-O 
15.Qf3 exf4 16.Qxf4 Qc5 17.Rd3 Ne5 18.Rg3+ Ng6 19.Rd1 e5 20.Qc4 Qf2 21.Nd5
Bd8 22.Rf1 Qa7 23.Kb1 Be6 24.Ra3 Qb8 25.Qc6 Bg5 26.Nb6 Ne7 27.Nd7 Qd8 28.
Qxd6 Ng6 29.Qd3 e4 30.Qxe4 Bxd7 31.Rd3 Re8 32.Rxd7 Rxe4 33.Rxd8+ Bxd8 34.
a4 Nf4 35.b3 Nxg2 36.Bc4 Nf4 37.Rg1+ Kf8 38.Ka2 Bf6 39.a5 Ne2 40.Rf1 Bc3 
41.Rxf7+ Ke8 42.Rxh7 Bxa5 43.Bb5+ Kd8 44.Bd3 Nc3+ 45.Kb2 Re1 46.b4 Bxb4 
47.Kb3 Ba5 48.Kc4 Rb1 49.Kd4 Nd1 50.c4 Rb6 51.c5 Bc3+ 52.Kd5 Ne3+ 53.Ke4 
Re6+ 54.Kf3 Bd4 55.Rh5 Rc6 56.Ke4 Bxc5 57.Rxc5 Rxc5 58.Kxe3 Rh5 1/2-1/2

[Event "G7:1"]
[Site "K41"]
[Round "3"]
[White "Claus Rossen"]
[Black "Erling Møller Nielsen"]
[Result "1-0"]
[Date "28.03.2013"]
[WhiteElo "2149"]
[BlackElo "2021"]
[Input "DGT4208"]
[Board "game_3"]

1.e4 e6 2.d4 d5 3.Nc3 Bb4 4.e5 c5 5.a3 Bxc3+ 6.bxc3 Qc7 7.Nf3 Bd7 8.a4 Qa5
9.Bd2 c4 10.Qb1 Nc6 11.Be2 f5 12.g4 fxg4 13.Ng5 h6 14.Nxe6 Bxe6 15.Qxb7 
Nge7 16.Qxa8+ Nd8 17.Qb8 O-O 18.O-O Ndc6 19.Qb5 Qd8 20.f3 gxf3 21.Rxf3 
Rxf3 22.Bxf3 Qe8 23.Kh1 Qg6 24.Qb1 Bf5 25.Qg1 Qe6 26.Qg2 Bxc2 27.Bxh6 Qxh6
28.Qxc2 Qe3 29.Qg2 Nxd4 30.cxd4 Qxd4 31.Rd1 1-0

[Event "G7:1"]
[Site "K41"]
[Round "3"]
[White "Christian Grubert"]
[Black "Klaus Nielsen"]
[Result "1-0"]
[Date "28.03.2013"]
[WhiteElo "2143"]
[BlackElo "2090"]
[Input "DGT1186"]
[Board "game_4"]

1.e4 c5 2.Nf3 Nc6 3.d4 cxd4 4.Nxd4 g6 5.c4 Bg7 6.Be3 d6 7.Nc3 Nh6 8.Be2 f5
9.exf5 Nxf5 10.Nxf5 Bxf5 11.O-O O-O 12.Qd2 Rc8 13.Rac1 Qa5 14.Rfd1 Rf7 15.
Qd5 Bxc3 16.Rxc3 Qxa2 17.Qb5 a6 18.Qxb7 Qa5 19.c5 Qa4 20.Qxa6 Qb4 21.Bc4 
Ne5 22.Bxf7+ Nxf7 23.cxd6 Nxd6 24.Rxd6 Rxc3 25.Rd8+ Kf7 26.bxc3 1-0

[Event "G7:1"]
[Site "K41"]
[Round "3"]
[White "Kurt Klifoth"]
[Black "Jacob Brorsen"]
[Result "1/2-1/2"]
[Date "28.03.2013"]
[WhiteElo "2129"]
[BlackElo "2138"]
[Input "DGT1185"]
[Board "game_5"]

1.e4 e5 2.f4 exf4 3.Bc4 Qh4+ 4.Kf1 Nc6 5.Nf3 Qd8 6.Nc3 g5 7.h4 g4 8.Ne1 h5
9.d3 Ne5 10.Bxf4 Bg7 11.Bb3 Ng6 12.g3 d6 13.Ng2 Be6 14.d4 N8e7 15.Qd3 a6 
16.Kg1 Nc6 17.Ne2 d5 18.e5 Qd7 19.Kh2 Bf5 20.Qd2 O-O-O 21.Bg5 Rde8 22.Rhf1
1/2-1/2

[Event "G7:1"]
[Site "K41"]
[Round "3"]
[White "Esmat Guindy"]
[Black "Thomas Tange Jepsen"]
[Result "1-0"]
[Date "28.03.2013"]
[WhiteElo "2106"]
[BlackElo "2075"]
[Input "DGT1179"]
[Board "game_6"]

1.d4 d5 2.c4 c6 3.Nc3 Nf6 4.cxd5 cxd5 5.Nf3 Nc6 6.Bg5 e6 7.e3 Be7 8.Rc1 
O-O 9.Bd3 Bd7 10.O-O h6 11.Bh4 Qa5 12.Ne5 Rfd8 13.Bb1 Be8 14.a3 Rdc8 15.
Qd3 g6 16.f4 b5 17.f5 exf5 18.Rxf5 gxf5 19.Qxf5 Nxe5 20.dxe5 Qb6 21.Qd3 
Qxe3+ 22.Qxe3 Bc5 23.Qxc5 Rxc5 24.Bxf6 a5 25.Rd1 Bc6 26.Be7 Rc4 27.Ba2 1-0

[Event "G7:1"]
[Site "K41"]
[Round "3"]
[White "Rauf Murtuzov"]
[Black "Rune Andersen"]
[Result "1-0"]
[Date "28.03.2013"]
[WhiteElo "1923"]
[BlackElo "2133"]
[Input "DGT1182"]
[Board "game_7"]

1.e4 c5 2.Nf3 Nc6 3.d4 cxd4 4.Nxd4 g6 5.c4 Bg7 6.Be3 Nf6 7.Nc3 O-O 8.Be2 
d6 9.O-O Bd7 10.f3 Nxd4 11.Bxd4 Bc6 12.Rc1 Bh6 13.Rc2 Nh5 14.g3 Ng7 15.Nd5
Ne6 16.Bf2 f5 17.exf5 gxf5 18.Re1 Ng5 19.Kg2 e6 20.Nf4 e5 21.Nd5 Ne6 22.c5
dxc5 23.Bc4 Nd4 24.Nc7+ Kh8 25.Bxd4 cxd4 26.Ne6 Qf6 27.Nxf8 Bxf8 28.Rf2 
Bc5 29.Bd3 Re8 30.Kg1 Bb4 31.Ree2 Qg6 32.f4 Qd6 33.fxe5 Qd5 34.Rg2 Rxe5 
35.Bc4 Qf3 36.Qd3 Qxd3 37.Bxd3 Be4 38.Rgf2 Re7 39.Bxe4 fxe4 40.Rf4 d3 41.
Rexe4 d2 42.Rf8+ Kg7 43.Rxe7+ Bxe7 44.Rf1 Kg6 45.Rd1 Bg5 46.Kf2 Kf5 47.Kf3
h5 48.h3 Ke5 49.g4 hxg4+ 50.hxg4 1-0

[Event "G7:1"]
[Site "K41"]
[Round "3"]
[White "Carsten Juul Nielsen"]
[Black "Rune Egede Andersen"]
[Result "0-1"]
[Date "28.03.2013"]
[WhiteElo "2085"]
[BlackElo "2056"]
[Input "DGT1181"]
[Board "game_8"]

1.d4 d5 2.c4 dxc4 3.e3 e5 4.Bxc4 exd4 5.Nf3 Nf6 6.Qb3 Qe7 7.O-O d3 8.Ng5 
h6 9.Bxf7+ Kd8 10.Ne6+ Bxe6 11.Bxe6 c6 12.Rd1 Kc7 13.e4 g5 14.Bf5 Nbd7 15.
Qxd3 Ne5 16.Qc3 Bg7 17.Na3 Rad8 18.Be3 b6 19.Bd4 Ne8 20.Qg3 Kb7 21.Bc3 Nd6
22.Rac1 Rhf8 23.Nc2 Nb5 24.Nd4 Qd6 25.Kf1 Nxc3 26.bxc3 Qa3 27.Ne6 Rd3 28.
f3 Qa6 29.Kg1 Rxf5 30.exf5 Bf6 31.Qf2 Qc4 32.Qf1 Rxd1 33.Qxd1 Nd3 34.Qf1 
Bxc3 35.Rd1 Bd4+ 36.Nxd4 Qxd4+ 0-1

[Event "G7:1"]
[Site "K41"]
[Round "3"]
[White "Michael Nielsen"]
[Black "Leif Jensen"]
[Result "0-1"]
[Date "28.03.2013"]
[WhiteElo "2101"]
[BlackElo "2013"]
[Input "DGT5654"]
[Board "game_9"]

1.d4 d5 2.Bg5 c6 3.c3 Bf5 4.Nf3 Qc7 5.e3 e6 6.Bd3 Bg6 7.Qe2 Be7 8.Nbd2 
Bxg5 9.Nxg5 Nf6 10.O-O-O Nbd7 11.f3 Bxd3 12.Qxd3 h6 13.Nh3 O-O-O 14.Kb1 
Kb8 15.Rc1 e5 16.Rce1 Rhe8 17.f4 exd4 18.exd4 Qc8 19.Qg3 Nh5 20.Qf3 Nhf6 
21.Re5 Nxe5 22.fxe5 Ng4 23.Qxf7 Rf8 24.Qg6 Qf5+ 25.Qxf5 Rxf5 26.Nf1 Nf2 
27.Ne3 Rff8 28.Rg1 Nxh3 29.gxh3 Rd7 30.Rg3 Kc7 31.Ng2 Rf2 32.Nh4 g5 33.Ng2
Rdf7 34.h4 Re2 35.hxg5 0-1